|
|
|
|
| LEADER |
00000nab a2200000 a 4500 |
| 001 |
vtls000819823 |
| 003 |
SK-MaSNL |
| 005 |
20260305032733.0 |
| 008 |
250429c2002 xo 0 slo |
| 015 |
|
|
|a SNBRB2002/12-42765
|
| 035 |
|
|
|a CLN000171478
|
| 035 |
|
|
|a urn:nbn:sk:snk-ab1hl1
|
| 035 |
|
|
|a (urnnbn)urn:nbn:sk:snk:ar-003tv1
|
| 035 |
|
|
|a (uuid)8007fa95-0fda-493b-a43a-b628ef8af2a9
|
| 040 |
|
|
|a SNKBUCL
|b slo
|c SNKBUCL
|e AACR2
|
| 041 |
0 |
|
|a slo
|
| 044 |
|
|
|a xo
|c SK
|
| 080 |
|
|
|a 355.318.1(437.6)
|2 1997
|
| 080 |
|
|
|a 355.311.1(437.6)
|2 1997
|
| 100 |
1 |
|
|a Kment, Roman
|4 aut
|9 267467
|
| 245 |
1 |
0 |
|a Prápor okamžitej reakcie
|c Roman Kment
|
| 300 |
|
|
|b Fotogr.
|
| 610 |
1 |
7 |
|a Slovensko.
|b Armáda
|2 SNKKA
|9 116379
|
| 651 |
|
7 |
|a Martin (Slovensko : okres)
|2 SNKPHgeo
|9 73088
|
| 655 |
|
7 |
|a články z novín a časopisov
|2 snkbucl
|9 267496
|
| 773 |
0 |
|
|t Armáda
|g Roč. 10, č. 12 (2002), s. 10-11
|x 1335-0463
|
| 850 |
|
|
|a Slovenská národná knižnica
|
| 852 |
|
|
|a Slovenská národná knižnica
|
| 954 |
|
|
|a odborná, vedecká literatúra pôvodná (slovenská)
|2 lita
|
| 958 |
|
|
|a article2022
|
| 958 |
|
|
|a SK
|
| 958 |
|
|
|a OND
|
| 958 |
|
|
|a EUIPO
|
| 992 |
|
|
|a RBX
|
| 999 |
|
|
|c 3321413
|d 3323343
|